Irrigation in Southern and Eastern Asia in figures : (Record no. 14674)

000 -LEADER
fixed length control field 00767cam a2200253 a 4500
020 ## - INTERNATIONAL STANDARD BOOK NUMBER
ISBN 9789251072820
020 ## - INTERNATIONAL STANDARD BOOK NUMBER
ISBN 9251072825
040 ## - CATALOGING SOURCE
Transcribing agency UAB
082 ## - DEWEY DECIMAL CLASSIFICATION NUMBER
Classification number 333 FOO 2012 A069 Or.
245 00 - TITLE STATEMENT
Title Irrigation in Southern and Eastern Asia in figures :
Remainder of title Aquastat survey, 2011 /
260 ## - PUBLICATION, DISTRIBUTION, ETC. (IMPRINT)
Place of publication Rome :
Name of publisher Food and Agriculture of the United Nations,
Year of publication 2012.
300 ## - PHYSICAL DESCRIPTION
Number of Pages xix, 487 p. :
Other physical details col. ill., col. maps ;
Dimensions 30 cm.
490 1# - SERIES STATEMENT
Series statement FAO water reports,
650 #0 - SUBJECT ADDED ENTRY--TOPICAL TERM
Topical Term Irrigation
650 #0 - SUBJECT ADDED ENTRY--TOPICAL TERM
Topical Term Irrigation
650 #0 - SUBJECT ADDED ENTRY--TOPICAL TERM
Topical Term Water-supply, Agricultural
650 #0 - SUBJECT ADDED ENTRY--TOPICAL TERM
Topical Term Water-supply, Agricultural
650 #0 - SUBJECT ADDED ENTRY--TOPICAL TERM
Topical Term Irrigation
650 #0 - SUBJECT ADDED ENTRY--TOPICAL TERM
Topical Term Irrigation
650 #0 - SUBJECT ADDED ENTRY--TOPICAL TERM
Topical Term Water-supply, Agricultural
650 #0 - SUBJECT ADDED ENTRY--TOPICAL TERM
Topical Term Water-supply, Agricultural
700 1# - ADDED ENTRY--PERSONAL NAME
Personal name Frenken, Karen.
942 ## - ADDED ENTRY ELEMENTS (KOHA)
Koha item type សៀវភៅភាសាអង់គ្លេស
952 ## - LOCATION AND ITEM INFORMATION (KOHA)
Withdrawn status [LOCAL, KOHA] 0
Holdings
Permanent Location Date acquired Koha item type Lost status Shelving location Barcode Current Location Full call number
Library Block A2017-10-24សៀវភៅភាសាអង់គ្លេស A069RUA056203Library Block A333 FOO 2012 A069 Or.
មជ្ឈមណ្ឌលឯការនៃសាកលវិទ្យាល័យភូមិន្ទកសិកម្មចំការដូង

Powered by Koha